Score 0/20 Timer 07:00
0 Plays Today
% Correct
Facebook
99.3%
Google
98.5%
Wikipedia
96.4%
Amazon
95.4%
Yahoo!
92.3%
YouTube
86.2%
Bing
82.8%
Twitter
71.1%
LinkedIn
69%
eBay
68.2%
% Correct
ESPN
65.1%
Instagram
64.4%
CNN
56.6%
Live
51.4%
Pinterest
48.5%
WordPress
28.9%
tumblr
28.7%
PayPal
25.4%
Craigslist
19.3%
Go.com
4.2%
Remove Ads.
Support Sporcle.
Get the best of Sporcle when you Go Orange. This ad-free experience offers more features, more stats, and more fun while also helping to support Sporcle. Thank you for becoming a member.

You're not logged in!

Compare scores with friends on all Sporcle quizzes.
OR
Log In

Show Comments

Extras

Top Quizzes Today


Score Distribution

Your Account Isn't Verified!

In order to create a playlist on Sporcle, you need to verify the email address you used during registration. Go to your Sporcle Settings to finish the process.

Report this User

Report this user for behavior that violates our Community Guidelines.

Details: